Top 10 de footballeurs ayant le plus de titres - Statistiques

Statistiques générales
  • Ce quiz a été pris 1 273 fois
  • Le résultat moyen est 5 sur 10
Statistiques - réponses
Rang Nationalité Nombres de titres Réponse % Correct
3ème Argentine 37 LIONEL MESSI
95%
1er Brésil 43 DANI ALVES
78%
7=6=10=9=8ème Portugal 33 CRISTIANO RONALDO
76%
2ème Espagne 39 ANDRÉS INIESTA
73%
10=9=8=7=6ème Suède 33 ZLATAN IBRAHIMOVIC
65%
4ème Espagne 36 GERARD PIQUÉ
40%
9=8=7=6=10ème Pays-Bas 33 ARJEN ROBBEN
27%
8=7=6=10=9ème Espagne 33 SERGIO BUSQUETS
24%
6=10=9=8=7ème Brésil 33 MAXWELL
7%
5ème Egypte 34 HOSSAM ASHOUR
1%
Aucun quiz correspondant
Distribution des résultats
% des personnes avec chaque résultat
Percentile par nombre de réponses
Votre historique - résultats
Vous n’avez pas pris ce quiz